Highway engineering (Record no. 11916)

000 -LEADER
fixed length control field 00508nam a2200205 i 4500
001 - CONTROL NUMBER
control field 11916
003 - CONTROL NUMBER IDENTIFIER
control field BD-DhUET
008 - FIXED-LENGTH DATA ELEMENTS--GENERAL INFORMATION
fixed length control field 780725s1979 nyua b 001 0 eng
020 ## - INTERNATIONAL STANDARD BOOK NUMBER
International Standard Book Number 0471072605
040 ## - CATALOGING SOURCE
Original cataloging agency DLC
Transcribing agency DLC
Modifying agency BD-DhUET
082 00 - DEWEY DECIMAL CLASSIFICATION NUMBER
Classification number 625.7
Item number WRI/1979
100 1# - MAIN ENTRY--PERSONAL NAME
Personal name Wright, Paul H.
245 10 - TITLE STATEMENT
Title Highway engineering
250 ## - EDITION STATEMENT
Edition statement 4th ed.
260 ## - PUBLICATION, DISTRIBUTION, ETC. (IMPRINT)
Place of publication, distribution, etc. New York
Name of publisher, distributor, etc. John Wiley & Sons
Date of publication, distribution, etc. 1979
300 ## - PHYSICAL DESCRIPTION
Extent 828 p.
Other physical details ill.
650 #0 - SUBJECT ADDED ENTRY--TOPICAL TERM
Topical term or geographic name as entry element Highway engineering
700 ## - ADDED ENTRY--PERSONAL NAME
Personal name Paquette, Radnor J.
942 ## - ADDED ENTRY ELEMENTS (KOHA)
Koha item type General Book
Holdings
Shelving location Koha full call number Location (home branch) Lost status Not for loan Koha normalized classification for sorting Source of classification or shelving scheme Damaged status Koha item type Koha date last seen Sublocation or collection (holding branch) Withdrawn status Price effective from Date acquired Piece designation (barcode) Copy number
Circulation section625.7/WRI/1979Central Library, BUET  625_700000000000000_WRI_1979  General Book2015-09-20Central Library, BUET 2015-02-222015-02-22539241
Reading section625.7/WRI/1979Central Library, BUET  625_700000000000000_WRI_1979  General Book2015-06-23Central Library, BUET 2015-06-232015-06-23487282
Reading section625.7/WRI/1979Central Library, BUET  625_700000000000000_WRI_1979  General Book2015-06-23Central Library, BUET 2015-06-232015-06-23487273
Reading section625.7/WRI/1979Central Library, BUET  625_700000000000000_WRI_1979  General Book2015-06-23Central Library, BUET 2015-06-232015-06-23518254
Reading section625.7/WRI/1979Central Library, BUET  625_700000000000000_WRI_1979  General Book2015-06-29Central Library, BUET 2015-06-292015-06-29487295
Circulation section625.7/WRI/1979Central Library, BUET  625_700000000000000_WRI_1979  General Book2015-08-17Central Library, BUET 2015-08-172015-08-17539216